000 01132nam a2200241 a 4500
008 090323s2004 ||||||||||||||||| || u
020 _a0852558600
050 _aGN 645 ETH
100 _aBerman, Bruce
245 1 0 _aEthnicity & democracy in Africa
_cedited by Bruce Berman, Dickson Eyoh & Will Kymlicka
260 _aOxford
_bJames Currey
_c2004
300 _axv, 363p
350 _a0.00
650 _aPolitical anthropology--Africa
650 _aANTHROPOLOGY
650 _aDEMOCRACY--AFRICA
650 _aETHNICITY--POLITICAL ASPECTS--AFRICA
700 _aEyoh, Dickson
700 _aKymlicka, Will
995 _aMAIN LIBRARY OPEN ACCESS
_D0.00
_e739803
_FCBU-MAIN LIBRARY (Kitwe)
_H1
_I0.00
_jGN 645 ETH
_M2
_UAVAILABLE
_WApr 23, 2009
_y739803
_ZMain Library Open Access Collection
995 _aMAIN LIBRARY OPEN ACCESS
_D0.00
_e739804
_FCBU-MAIN LIBRARY (Kitwe)
_H1
_I0.00
_jGN 645 ETH
_M1
_UAVAILABLE
_WApr 23, 2009
_y739804
_ZMain Library Open Access Collection
995 _aMAIN LIBRARY OPEN ACCESS
_D0.00
_e739363
_FCBU-MAIN LIBRARY (Kitwe)
_H1
_I0.00
_jGN 645 ETH
_M3
_UAVAILABLE
_WApr 23, 2009
_y739363
_ZMain Library Open Access Collection
999 _c62874
_d62874